La integración económica hoy y mañana
Sábháilte in:
| Formáid: | Téacs |
|---|---|
| Clibeanna: |
Cuir clib leis
Níl clibeanna ann, Bí ar an gcéad duine le clib a chur leis an taifead seo!
|
MARC
| LEADER | 00000 a a2200000 04500 | ||
|---|---|---|---|
| 001 | 46999 | ||
| 003 | |||
| 040 | |||
| 245 | |a La integración económica hoy y mañana | ||
| 773 | |g volumen1, número78, (1980), páginas 75-83 | ||
| 999 | |c 27599 |d 27599 | ||
